000 00688nam a2200289Ia 4500
005 20260324135039.0
008 008 260324s9999 xx 000 0 eng d
020 _a9781849776172
037 _aEBOOK
040 _aCRL
040 _beng
040 _cCRL
041 _2eng
041 _aeng
084 _qCRL
100 _aDiane Warburton; Ian Christie
_91199133
245 0 _aFrom Here to Sustainability
245 0 _bPolitics in the Real World
260 _bTaylor and Francis
260 _c2001
365 _a
365 _b145
856 _uhttp://www.taylorfrancis.com/books/9781849776172
942 _cEBOOK
999 _c1799815
_d1799815